Hard rain : (Record no. 126419)

MARC details
000 -LEADER
campo de control de longitud fija 02910cam a2200529 i 4500
001 - NÚMERO DE CONTROL
campo de control 22178034
003 - IDENTIFICADOR DE NÚMERO DE CONTROL
campo de control BJBSDDR
005 - FECHA Y HORA DE LA ÚLTIMA TRANSACCIÓN
campo de control 20260507123000.0
007 - CAMPO FIJO DE DESCRIPCIÓN FÍSICA--INFORMACIÓN GENERAL
campo de control de longitud fija ta
008 - DATOS DE LONGITUD FIJA--INFORMACIÓN GENERAL
campo de control de longitud fija 210816s2022 nyu 001 0 eng
010 ## - NÚMERO DE CONTROL DE LA BIBLIOTECA DEL CONGRESO
Número de control de LC 2021040204
020 ## - NÚMERO INTERNACIONAL ESTÁNDAR DEL LIBRO
Número Internacional Estándar del Libro 9780231205931 (paperback)
020 ## - NÚMERO INTERNACIONAL ESTÁNDAR DEL LIBRO
Número Internacional Estándar del Libro 0231556233 (paperback)
020 ## - NÚMERO INTERNACIONAL ESTÁNDAR DEL LIBRO
ISBN cancelado o inválido 9780231556231
Información calificativa (ebook)
035 ## - NÚMERO DE CONTROL DEL SISTEMA
Número de control de sistema 22178034
040 ## - FUENTE DE CATALOGACIÓN
Centro catalogador/agencia de origen DLC
Lengua de catalogación eng
Normas de descripción rda
Centro/agencia transcriptor DLC
Centro/agencia modificador DLC
041 ## - CÓDIGO DE IDIOMA
Código de lengua del texto/banda sonora o título independiente eng
042 ## - CÓDIGO DE AUTENTICACIÓN
Código de autenticación pcc
050 14 - SIGNATURA TOPOGRÁFICA DE LA BIBLIOTECA DEL CONGRESO
Número de clasificación ML 420
Número de ítem P843h 2022
082 00 - NÚMERO DE LA CLASIFICACIÓN DECIMAL DEWEY
Número de clasificación 782.42164092
100 1# - ENTRADA PRINCIPAL--NOMBRE DE PERSONA
Nombre de persona Portelli, Alessandro,
Fechas asociadas al nombre 1942-
9 (RLIN) 47131
245 10 - MENCIÓN DEL TÍTULO
Título Hard rain :
Resto del título Bob Dylan, oral cultures, and the meaning of history /
Mención de responsabilidad, etc. Alessandro Portelli.
264 #1 - PRODUCCIÓN, PUBLICACIÓN, DISTRIBUCIÓN, FABRICACIÓN Y COPYRIGHT
Producción, publicación, distribución, fabricación y copyright New York City :
Nombre del de productor, editor, distribuidor, fabricante Columbia University Press,
Fecha de producción, publicación, distribución, fabricación o copyright 2022.
300 ## - DESCRIPCIÓN FÍSICA
Extensión 192 pages ;
Dimensiones 21 cm
336 ## - TIPO DE CONTENIDO
Término de tipo de contenido text
Código de tipo de contenido txt
Fuente rdacontent
337 ## - TIPO DE MEDIO
Nombre/término del tipo de medio unmediated
Código del tipo de medio n
Fuente rdamedia
338 ## - TIPO DE SOPORTE
Nombre/término del tipo de soporte volume
Código del tipo de soporte nc
Fuente rdacarrier
490 0# - MENCIÓN DE SERIE
Mención de serie The Columbia oral history series
500 ## - NOTA GENERAL
Nota general Includes index.
505 0# - NOTA DE CONTENIDO CON FORMATO
Nota de contenido con formato Introduction. Memory, Voice, and the Global Bob Dylan -- Songs of Innocence and Experience -- The text and the voice -- Talking Atomic Blues -- Which way history? -- Appendix. History's lessons unlearned -- Appendix 2. Lyrics.
520 ## - RESUMEN, ETC.
Sumario, etc. "Hard Rain is an exploration of how oral culture and the ballad tradition shaped Nobel Laureate Bob Dylan's 1962 classic "A Hard Rain's a-Gonna Fall." The song was written at the apex of the folk music revival and harkens back to the British traditional ballad "Lord Randal" and the 17th-century Italian ballad "Il testemento dell'avvelenato." Its theme is relevant to the post-nuclear nightmares and youth movements of the 1960s, prefiguring contemporary concerns about environmental crisis, racism, and mass migrations. Alessandro Portelli demonstrates how Dylan was able to use the folk tradition of the ballad combined with a modern sensibility to creatively question the meaning and direction of history. Will the future bring liberation or disaster? It is up to us"--
Fuente proveedora Provided by publisher.
600 10 - PUNTO DE ACCESO ADICIONAL DE MATERIA--NOMBRE DE PERSONA
Nombre de persona Dylan, Bob,
Fechas asociadas al nombre 1941-
Subdivisión general Criticism and interpretation.
600 14 - PUNTO DE ACCESO ADICIONAL DE MATERIA--NOMBRE DE PERSONA
Nombre de persona Dylan, Bob,
Fechas asociadas al nombre 1941-
Subdivisión general Crítica e interpretación
9 (RLIN) 33481
600 10 - PUNTO DE ACCESO ADICIONAL DE MATERIA--NOMBRE DE PERSONA
Nombre de persona Dylan, Bob,
Fechas asociadas al nombre 1941-.
Título de la obra Hard rain's a-gonna fall.
630 00 - PUNTO DE ACCESO ADICIONAL DE MATERIA--TÍTULO UNIFORME
Título uniforme Lord Randal.
650 #0 - PUNTO DE ACCESO ADICIONAL DE MATERIA--TÉRMINO DE MATERIA
Término de materia o nombre geográfico como elemento de entrada Folk songs
Subdivisión general History and criticism.
650 #4 - PUNTO DE ACCESO ADICIONAL DE MATERIA--TÉRMINO DE MATERIA
Término de materia o nombre geográfico como elemento de entrada Canciones folclóricas
Subdivisión general Historia y crítica
9 (RLIN) 48337
650 #0 - PUNTO DE ACCESO ADICIONAL DE MATERIA--TÉRMINO DE MATERIA
Término de materia o nombre geográfico como elemento de entrada Ballads
Subdivisión general History and criticism.
650 #4 - PUNTO DE ACCESO ADICIONAL DE MATERIA--TÉRMINO DE MATERIA
Término de materia o nombre geográfico como elemento de entrada Baladas
Subdivisión general Historia y crítica
9 (RLIN) 48338
650 #0 - PUNTO DE ACCESO ADICIONAL DE MATERIA--TÉRMINO DE MATERIA
Término de materia o nombre geográfico como elemento de entrada Music and history.
650 #4 - PUNTO DE ACCESO ADICIONAL DE MATERIA--TÉRMINO DE MATERIA
Término de materia o nombre geográfico como elemento de entrada Música
Subdivisión general Historia y crítica
9 (RLIN) 19614
776 08 - ENTRADA DE FORMULARIO FÍSICO ADICIONAL
Información de relación Online version:
Encabezamiento principal Portelli, Alessandro.
Título Hard rain
Lugar, editor y fecha de publicación New York City : Columbia University Press, 2022
Número Internacional Estándar del Libro 9780231556231
Número de control del registro (DLC) 2021040205
830 #0 - PUNTO DE ACCESO ADICIONAL DE SERIE-TÍTULO UNIFORME
Título uniforme Columbia oral history series
9 (RLIN) 48336
906 ## - ELEMENTOS DE DATOS F LOCAL, LDF (RLIN)
a 7
b cbc
c orignew
d 1
e ecip
f 20
g y-gencatlg
942 ## - ELEMENTOS DE ENTRADA SECUNDARIOS (KOHA)
Fuente del sistema de clasificación o colocación Clasificación de Library of Congress
Tipo de ítem Koha Libro
Holdings
Estatus retirado Estado de pérdida Fuente del sistema de clasificación o colocación Estado de daño No para préstamo Colección Biblioteca de origen Biblioteca actual Ubicación en estantería Fecha de adquisición Signatura topográfica completa Código de barras Visto por última vez Copia número Tipo de ítem Koha
    Clasificación de Library of Congress     Humanidades Biblioteca Juan Bosch Biblioteca Juan Bosch Humanidades (4to. Piso) 18/02/2026 ML 420 P843h 2022 00000198730 18/02/2026 1 Libro